| 000 | 01258nam a22002777a 4500 | ||
|---|---|---|---|
| 005 | 20170124103213.0 | ||
| 010 | _a344503 | ||
| 020 | _c25.00 | ||
| 035 | _a344503 | ||
| 037 | _bCen Lib/Ret | ||
| 040 |
_aDPL _bHN |
||
| 082 |
_a069 _bसंग्रहा |
||
| 245 |
_aसंग्रहालय अनुशीलन / _cराय चौधरी...[एट.अल] ; अनुवादक रमेश वर्मा |
||
| 246 |
_aSangrahalya anusheelan / _bby Ray Chaudhari...[et.al] ; anuvadak Ramesh Verma |
||
| 260 |
_aदिल्ली _bएम.के.पब्लिकेशन्स _c1965 |
||
| 270 |
_bदिल्ली _e110032 |
||
| 300 |
_a159पृ. _c23सेमी(सजिल्द ) |
||
| 500 | _aअनुक्रमाणिका और संदर्भ शामिल | ||
| 650 |
_aपुस्तकालय विज्ञान _x _z _969942 |
||
| 650 |
_aपुस्तकालय विज्ञान -- अनुशीलन _986559 |
||
| 650 |
_aLibrary Science _996825 |
||
| 650 |
_aLibrary science - practice _996826 |
||
| 700 |
_aवर्मा, रमेश _996827 |
||
| 700 |
_aचौधरी, राय _996828 |
||
| 942 |
_2ddc _cHN _h069 _mसंग्रहा |
||
| 999 |
_c121372 _d121372 |
||